000 01020cam a22002294a 4500
005 20250605164041.0
008 250528s ||||||||||||||||||||||||d
035 _a17001
020 _a632033436
040 _aGR-AtMCL
_bgre
_dGR-AtMCL
_eAACR2
245 1 _aSexual Attitudes and Lifestyles
260 _bBlackwell Scientific Publications,
_c1994
300 _a506
520 _aForeword, Preface, Acknowledgements, Studying Sexual Lifestyles, Designing the Survey, Survey Methods and Sample Characteristics, First Intercourse Between Men and Women, Heterosexual Partnerships, Heterosexual Practices, Sexual Diversity and Homosexual Behaviour, Sexual Attitudes, Physical Health and Sexual Behaviour, Risk Reduction Strategies, Appendices, Survey Questionnaires, Technical Details of the Survey, Appendix Tables, Index.
700 1 _aField Julia
_93126
700 1 _aJohnson Anne M
_93127
700 1 _aWadsworth Jane
_93128
700 1 _aWellings Kaye
_93129
942 _cBK
999 _c2442
_d2442